EU countries weren't occupied by Axis powers - Statistics

General Stats
  • This quiz has been taken 39 times
  • The average score is 5 of 6
Answer Stats
Answer % Correct
Portugal
97%
Spain
97%
Sweden
94%
Ireland
81%
Malta
61%
Cyprus
45%
No matching quizzes found
Score Distribution
Percent of People with Each Score
Percentile by Number Answered
Your Score History
You have not taken this quiz